| 000 | 00715nas a2200253 4500 | ||
|---|---|---|---|
| 001 | BR0402931 | ||
| 003 | BR-BrBNA | ||
| 005 | 20231205104648.0 | ||
| 007 | ta | ||
| 008 | 230509b bl.|||p| |||| 00| 00por d | ||
| 040 |
_aBR-BrBNA _bpor _cBiblioteca Nacional de Agricultura |
||
| 041 | _a(Pt) | ||
| 072 | _aQ04 | ||
| 100 | 1 | _aMarques-Souza, A.C. | |
| 100 | 1 | _aKerr, W.E. | |
| 245 | 1 | _aMel amargo de breu (Protium sp., Burseraceae) | |
| 650 | _aBURSERACEAE | ||
| 650 | _aMEL | ||
| 650 | _aPÓLEN | ||
| 650 | _aANÁLISE DE ALIMENTO | ||
| 773 | 0 |
_tActa Amazônica (Brazil) _xISSN 0044-5967 _g(Apr-Jun 2003), v. 33(2) p. 339-340 _wBR0402931 |
|
| 909 |
_a202311 _bLúcia _c55 _dLúcia Elande |
||
| 942 |
_2AGRIS _n0 _cANA |
||
| 999 |
_c179170 _d179170 |
||